000 00525nam a2200217Ia 4500
003 OSt
005 20250704135307.0
008 210210b2010 xxu||||| |||| 00| 0 eng d
040 _cAL
041 _aeng
082 _a519.5 TULB
100 _aTulsian P C
_9217259
245 _aBusiness statistics
250 _a2
260 _aNew Delhi
_bS. Chand & Co. Ltd.
_c2010
300 _axvii,972p.
690 _aBusiness Statistics
_9217268
700 _aBharat Jhunjhunwala
_9217269
906 _a065025
942 _2ddc
_cBK
999 _c141645
_d141645